000
00310nam a2200133Ia 4500
005
20251222152039.0
008
251222s9999||||xx |||||||||||||| ||spa||
020
_a
8771147742
082
_a
636.31/B98
100
_a
Buxadé Carbó, Carlos
245
0
_a
Ovino de carne
264
_b
Mundi-Prensa
942
_c
LIB
999
_c
25965
_d
25965